00397nam a2200157Ia 4500008004100000082002100041100003100062245002500093260000800118300001800126365002800144366000800172530000900180630002500189730002500214100315s9999 xx 000 0 und d b2528 a658.15  a"KHAN, M. Y. JAIN, P. K. " aFinancial Management c0  a"XII,771P  " eAus.Sch. d1 b0.00  f0  b-   aFinancial Management aFinancial Management